Human rights (Record no. 175518)
[ view plain ]
| 000 -LEADER | |
|---|---|
| fixed length control field | 00935nam a2200241Ia 4500 |
| 003 - CONTROL NUMBER IDENTIFIER | |
| control field | OSt |
| 005 - DATE AND TIME OF LATEST TRANSACTION | |
| control field | 20250826111052.0 |
| 008 - FIXED-LENGTH DATA ELEMENTS--GENERAL INFORMATION | |
| fixed length control field | 210423s2010 xx 000 0 und d |
| 020 ## - INTERNATIONAL STANDARD BOOK NUMBER | |
| International Standard Book Number | 9788130913735 |
| 040 ## - CATALOGING SOURCE | |
| Transcribing agency | AL |
| 041 ## - LANGUAGE CODE | |
| Language code of text/sound track or separate title | English |
| 082 ## - DEWEY DECIMAL CLASSIFICATION NUMBER | |
| Classification number | 323 |
| Item number | POLH |
| 100 ## - MAIN ENTRY--PERSONAL NAME | |
| Personal name | Adamantia Pollis |
| 9 (RLIN) | 117157 |
| 245 ## - TITLE STATEMENT | |
| Title | Human rights |
| Remainder of title | : new perspectives new realities |
| 260 ## - PUBLICATION, DISTRIBUTION, ETC. | |
| Place of publication, distribution, etc. | New Delhi |
| Name of publisher, distributor, etc. | Viva Books Pvt Ltd |
| Date of publication, distribution, etc. | 2010 |
| 300 ## - PHYSICAL DESCRIPTION | |
| Extent | 258p. |
| Other physical details | PB |
| Dimensions | 23x15.5cm. |
| 365 ## - TRADE PRICE | |
| Price amount | 395 |
| Currency code | INR |
| 520 ## - SUMMARY, ETC. | |
| Summary, etc. | A new universalism; Liberal democracy and Minority rights; Women's rights in Islam; Human environmental rights; The consolidation of democracy and human rights; Human environmental rights; Political community and human rights in post-communist.<br/> |
| 650 ## - SUBJECT ADDED ENTRY--TOPICAL TERM | |
| Topical term or geographic name entry element | Civil & Political Rights |
| 9 (RLIN) | 117158 |
| Source of heading or term | Political Science |
| 700 ## - ADDED ENTRY--PERSONAL NAME | |
| Personal name | Schwab, Peter |
| 9 (RLIN) | 237160 |
| 906 ## - LOCAL DATA ELEMENT F, LDF (RLIN) | |
| a | Human ; new ; perspectives ; realities ; rights:new |
| 942 ## - ADDED ENTRY ELEMENTS (KOHA) | |
| Source of classification or shelving scheme | Dewey Decimal Classification |
| Koha item type | Book |
| Withdrawn status | Lost status | Damaged status | Not for loan | Collection code | Home library | Current library | Date acquired | Source of acquisition | Cost, normal purchase price | Total Checkouts | Full call number | Barcode | Date last seen | Date last checked out | Price effective from | Koha item type |
|---|---|---|---|---|---|---|---|---|---|---|---|---|---|---|---|---|
| MSW | St Aloysius PG Library | St Aloysius PG Library | 01/04/2010 | Book World | 395.00 | 1 | 323 POLH | PG022218 | 09/19/2022 | 09/16/2022 | 04/26/2021 | Book |